00685 2200241 4500001002100000005001700021008004100038020002200079035002400101040001200125082001200137090002200149100002600171245006800197250001100265260003300276300002600309500002900335650002700364700001900391850001200410999002100422YOGYA-0712000000043420120730223443.0 ind  a978-602-191-150-1 0010-071200000000434 aYOPDYOG a808.301 aDEP 808.301 Wiw S aWIWID PRASETYO, 1981- a100 kecerdasan setan /cWiwid Prasetyo; editor, Agus Hariyanto. aCet.1. aYogyakartabDiva Pressc2012 a426 hlmbilus;c21 cm aBibliografi; hlm 425-426 aCerita Pendek-Kumpulan aAgus Hariyanto aYOPDYOG aCB-D.11 2012-304